Digital system designs and practices : using verilog HDL and FPGAs (Record no. 10779)
[ view plain ]
| 000 -LEADER | |
|---|---|
| fixed length control field | 00449 a2200157 4500 |
| 020 ## - INTERNATIONAL STANDARD BOOK NUMBER | |
| International Standard Book Number | 9780470823231 |
| 040 ## - CATALOGING SOURCE | |
| Original cataloging agency | DLC |
| Language of cataloging | DLC |
| 082 ## - DEWEY DECIMAL CLASSIFICATION NUMBER | |
| Classification number | 621.381 |
| 100 ## - MAIN ENTRY--PERSONAL NAME | |
| Personal name | Lin, Ming-Bo |
| 245 ## - TITLE STATEMENT | |
| Title | Digital system designs and practices : using verilog HDL and FPGAs |
| Statement of responsibility, etc. | Ming-Bo Lin |
| 260 ## - PUBLICATION, DISTRIBUTION, ETC. | |
| Place of publication, distribution, etc. | Singapore |
| Name of publisher, distributor, etc. | Wiley |
| Date of publication, distribution, etc. | 2008 |
| 300 ## - PHYSICAL DESCRIPTION | |
| Extent | 809 p. |
| 650 ## - SUBJECT ADDED ENTRY--TOPICAL TERM | |
| Topical term or geographic name entry element | Verilog (Computer hardware description language) |
| 700 ## - ADDED ENTRY--PERSONAL NAME | |
| Personal name | Ming-Bo Lin |
| 942 ## - ADDED ENTRY ELEMENTS (KOHA) | |
| Koha item type | Book |
| Call number prefix | 621.381 LIN |
| Source of classification or shelving scheme | |
| Withdrawn status | Lost status | Damaged status | Not for loan | Collection code | Permanent Location | Current Location | Shelving location | Date acquired | Source of acquisition | Cost, normal purchase price | Total Checkouts | Full call number | Barcode | Date last seen | Price effective from | Koha item type | Total Renewals | Date last checked out | Checked out |
|---|---|---|---|---|---|---|---|---|---|---|---|---|---|---|---|---|---|---|---|
| Central Library (CL) | Central Library (CL) | General Stacks | 03/27/2012 | Eagle Information Marketing | 9789.75 | 621.381 LIN | SEECS010939 | 11/14/2012 | 01/05/2017 | Book | |||||||||
| Central Library (CL) | Central Library (CL) | General Stacks | 07/13/2012 | A&J DEF TEK Consultants | 11430.00 | 2 | 621.381 LIN | SEECS011404 | 09/23/2023 | 01/05/2017 | Book | 2 | 02/06/2023 | ||||||
| Central Library (CL) | Central Library (CL) | General Stacks | 07/13/2012 | A&J DEF TEK Consultants | 11430.00 | 1 | 621.381 LIN | SEECS011403 | 05/25/2019 | 01/05/2017 | Book | 04/05/2019 | |||||||
| Central Library (CL) | Central Library (CL) | General Stacks | 07/13/2012 | A&J DEF TEK Consultants | 11430.00 | 1 | 621.381 LIN | SEECS011402 | 05/30/2025 | 01/05/2017 | Book | 3 | 03/22/2024 | ||||||
| Central Library (CL) | Central Library (CL) | General Stacks | 07/13/2012 | A&J DEF TEK Consultants | 11430.00 | 4 | 621.381 LIN | SEECS011401 | 01/21/2026 | 01/05/2017 | Book | 01/21/2026 | 02/20/2026 | ||||||
| Central Library (CL) | Central Library (CL) | General Stacks | 07/13/2012 | A&J DEF TEK Consultants | 11430.00 | 2 | 621.381 LIN | SEECS011400 | 04/06/2026 | 01/05/2017 | Book | 04/06/2026 | 05/06/2026 |
